ბათუმის შოთა რუსთაველის სახელმწიფო უნივერსიტეტის ბიბლიოთეკა

ბიომეურნეობის საფუძვლები : (ბიბ.ჩანაწერი № 62982)

000 -ლიდერი
ფიქსირებული სიგრძის საკონტროლო ველი 01007nam a22002057a 4500
003 - საკონტროლო ნომრის იდენტიფიკატორი
საკონტროლო ველი Ge_BSU
005 - ბოლო ოპერაციის თარიღი და დრო
საკონტროლო ველი 20250422161315.0
008 - ფიქსირებული სიგრძის მონაცემთა ელემენტები - ზოგადი ინფორმაცია
ფიქსირებული სიგრძის საკონტროლო ველი 250422b xxu||||| |||| 00| 0 geo d
020 ## - წიგნის საერთაშორისო სტანდარტული ნომერი
International Standard Book Number 9789994098439
041 ## - ენის კოდი
Language code of text/sound track or separate title geo
080 ## - უნივერსალური ათობითი კლასიფიკაციის ინდექსი
Universal Decimal Classification number 63(075) კ-25
100 ## - მთავარი ჩანაწერი - პიროვნების სახელი
Personal name კარბელაშვილი, ზურაბ
9 (RLIN) 24893
245 ## - ცნობა სათაურის შესახებ
Title ბიომეურნეობის საფუძვლები :
Remainder of title დამხმ. სახელმძღვ. ფერმერთათვის /
Statement of responsibility, etc ზურაბ კარბელაშვილი ; [სარედ. კოლ.: მარიამ ჯორჯაძე და სხვ.].
264 ## - წარმოების, გამოცემის, დისტრიბუციის და სხვა ცნობები
გამოცემის, წარმოების, დისტრიბუციის... ადგილი [თბ.],
გამოცემის, წარმოების, დისტრიბუციის... სახელწოდება [ელკანა],
გამოცემის, წარმოების, დისტრიბუციის... თარიღი 2009.
300 ## - ფიზიკური აღწერა
Extent 88 გვ. :
Other physical details ილ. ;
Dimensions 30 სმ.
504 ## - BIBLIOGRAPHY, ETC. NOTE
Bibliography, etc ბიბლიოგრ.: გვ. 88.
653 ## - INDEX TERM--UNCONTROLLED
Uncontrolled term ბიომეურნეობა
700 ## - ADDED ENTRY--PERSONAL NAME
Personal name ჯორჯაძე, მარიამ და სხვ.
Relator term რედაქტორი
9 (RLIN) 24894
942 ## - ADDED ENTRY ELEMENTS (KOHA)
Source of classification or shelving scheme
Koha item type წიგნი
ეგზემპლარები
ჩამოწერის სტატუსი დაკარგული ეგზემპლარის სტატუსი კლასიფიკაციის წყარო ან თაროზე გაწყობის სქემა დაზიანების სტატუსი არ გაიცემა მუდმივი მდებარეობა (დაცვის ადგილი) ამჟამინდელი ადგილსამყოფელი თაროზე განთავსების ადგილი შეძენის თარიღი ღირებულება, შესყიდვის ნორმალური ფასი სრული შენახვის შიფრი შტრიხკოდი ბოლო ოპერაციის თარიღი ეგზემპლარის მიმდევრობითი ნომერი (კეტერი?) Uniform Resource Identifier ფასის ძალაში შესვლის თარიღი ეგზემპლარის სახეობა საჯარო შენიშვნა
          აგრარული და მემბრანული ტექნოლოგიების ინსტიტუტის ბიბლიოთეკა აგრარული და მემბრანული ტექნოლოგიების ინსტიტუტის ბიბლიოთეკა წიგნსაცავი 2025-04-22 7.00 63(075) კ-25 71183 2025-04-22 71183 ნაჩუქარი 2025-04-22 წიგნი 7 ლ.
          აგრარული და მემბრანული ტექნოლოგიების ინსტიტუტის ბიბლიოთეკა აგრარული და მემბრანული ტექნოლოგიების ინსტიტუტის ბიბლიოთეკა წიგნსაცავი 2025-04-22 7.00 63(075) კ-25 71184 2025-04-22 71184 ნაჩუქარი 2025-04-22 წიგნი 7 ლ.
          აგრარული და მემბრანული ტექნოლოგიების ინსტიტუტის ბიბლიოთეკა აგრარული და მემბრანული ტექნოლოგიების ინსტიტუტის ბიბლიოთეკა წიგნსაცავი 2025-04-22 7.00 63(075) კ-25 71185 2025-04-22 71185 ნაჩუქარი 2025-04-22 წიგნი 7 ლ.
          აგრარული და მემბრანული ტექნოლოგიების ინსტიტუტის ბიბლიოთეკა აგრარული და მემბრანული ტექნოლოგიების ინსტიტუტის ბიბლიოთეკა წიგნსაცავი 2025-04-22 7.00 63(075) კ-25 71186 2025-04-22 71186 ნაჩუქარი 2025-04-22 წიგნი 7 ლ.